[Event "Graz op"]
[Site "Graz"]
[Date "1996.??.??"]
[Round "?"]
[White "Neuschmied, Siegfried"]
[Black "Kotz, Heinz Peter"]
[Result "0-1"]
[WhiteElo "2260"]
[BlackElo "2285"]

1.e4 e5 2.Nf3 Nc6 3.Bb5 a6 4.Ba4 Nf6 5.O-O Be7 6.Re1 b5 7.Bb3 d6 8.c3 O-O
9.h3 Bb7 10.d3 Re8 11.Nbd2 h6 12.a4 Bf8 13.Nf1 d5 14.Qc2 Qd7 15.axb5 axb5
16.Rxa8 Bxa8 17.Ng3 Na5 18.Ba2 c5 19.Bb1 g6 20.Nh2 c4 21.exd5 Qxd5 22.Ne4 Re6
23.f3 Nh5 24.Be3 Nf4 25.Nf2 Kh7 26.Rd1 Qc6 27.Re1 h5 28.Ba2 Nd5 29.Bc1 Bc5
30.Kh1 f5 31.Qe2 Re7 32.Bg5 Nf4 33.Qf1 Bxf2 34.Bxe7 Bxe1 35.dxc4 Bg3 36.cxb5 Qd7
37.Bb4 Nd3 38.Bxa5 Nf2+ 39.Kg1 Qa7 40.b4 Qe3 41.Qa1 Nd1+  0-1

[Event "Graz op"]
[Site "Graz"]
[Date "1996.??.??"]
[Round "?"]
[White "Kotz, Heinz Peter"]
[Black "Ibragimov, Ildar"]
[Result "0-1"]
[WhiteElo "2285"]
[BlackElo "2575"]

1.e4 e5 2.Nf3 Nc6 3.Bb5 a6 4.Ba4 Nf6 5.O-O Be7 6.Re1 b5 7.Bb3 d6 8.c3 O-O
9.h3 Bb7 10.d4 Na5 11.Bc2 Nc4 12.b3 Nb6 13.Nbd2 Nfd7 14.Nf1 c5 15.Ng3 g6
16.Bh6 Re8 17.d5 a5 18.Qd2 c4 19.h4 cxb3 20.axb3 a4 21.b4 Nc4 22.Qc1 Ndb6
23.Ng5 Bc8 24.Rf1 Bf8 25.Bxf8 Rxf8 26.f4 exf4 27.Qxf4 Ne5 28.h5 h6 29.Nf3 g5
30.Qc1 Nxf3+ 31.gxf3 Nc4 32.f4 Qb6+ 33.Kh2 Qe3 34.fxg5 hxg5 35.Qxe3 Nxe3
36.Rfc1 Bd7 37.Bd3 Rac8 38.Be2 Rc7 39.Kg1 Nc4 40.Rc2 f5 41.Nxf5 Bxf5 42.exf5 Rxf5
43.Bg4 Rf4 44.Rg2 Kg7 45.Re1 Ne5 46.Be2 Kh6 47.Rg3 Re4  0-1

[Event "Graz op"]
[Site "Graz"]
[Date "1996.??.??"]
[Round "?"]
[White "Brandstaetter, Friedrich"]
[Black "Kotz, Heinz Peter"]
[Result "0-1"]
[WhiteElo "2105"]
[BlackElo "2285"]

1.e4 e5 2.Nf3 Nc6 3.Bb5 a6 4.Ba4 Nf6 5.O-O Be7 6.Re1 b5 7.Bb3 d6 8.c3 O-O
9.h3 Bb7 10.d4 Re8 11.Nbd2 h6 12.Bc2 Bf8 13.d5 Ne7 14.c4 c6 15.b3 g6 16.Bb2 cxd5
17.cxd5 Nh5 18.Nf1 Bg7 19.Ne3 Nf4 20.Kh2 Qd7 21.Qd2 Rac8 22.a4 f5 23.axb5 axb5
24.Ra7 Rc7 25.Rea1 Rec8 26.Bb1 Kh8 27.Ne1 fxe4 28.Bxe4 Ng8 29.R1a5 Nf6 30.f3 Nxe4
31.fxe4 Rf8 32.Ba3 Nh5 33.Nd3 Bf6 34.Qe2 Bh4 35.Nf1 Qf7 36.Bxd6 Qxf1 37.Bxe5+ Bf6
38.Qxf1 Bxe5+ 39.Nxe5 Rxf1 40.Rxb5 Rcc1 41.Nxg6+ Kg8 42.Ne7+ Kf7  0-1

[Event "HUN-chT1 9596"]
[Site "HUN"]
[Date "1996.??.??"]
[Round "12"]
[White "Siklosi, Zoltan"]
[Black "Petran, Pal"]
[Result "1/2-1/2"]
[WhiteElo "2370"]
[BlackElo "2470"]

1.e4 e5 2.Nf3 Nc6 3.Bb5 a6 4.Ba4 Nf6 5.O-O Be7 6.Re1 b5 7.Bb3 d6 8.c3 O-O
9.h3 Bb7 10.d4 Re8 11.Ng5 Rf8 12.Nf3 Nd7 13.a4 Bf6 14.axb5 axb5 15.Rxa8 Bxa8
16.Na3 Qb8 17.Nc2 Re8 18.d5 Ne7 19.Ne3 Ng6 20.Nf5 Nc5 21.Bc2 b4 22.Nh2 bxc3
23.Ng4 Bd8 24.bxc3 Bb7 25.Qf3 f6 26.h4 Bc8 27.h5 Bxf5 28.exf5 Nf8 29.h6 e4
30.hxg7 exf3 31.Rxe8 Kxg7 32.Bh6+ Kf7 33.Rxf8+ Ke7 34.Nxf6 Qb2 35.Nxh7 Kd7
36.f6 Qxc2 37.f7 Be7 38.Re8 Qb1+ 39.Kh2 Qxh7 40.Rxe7+ Kxe7 41.f8=Q+ Kd7 42.gxf3 Nd3
43.Qf6 Kc8 44.Kg3 Kb7 45.Qg5 Ka6 46.Qg4 Ne5 47.Qa4+ Kb7 48.Qb5+ Kc8 49.Qe8+ Kb7
50.Qb5+ Kc8 51.Bg5 Qh5 52.Qa6+ Kb8 53.Qb5+ Kc8 54.Qa6+ Kb8 55.Qb5+  1/2-1/2

[Event "Lazne Bohdanec-B"]
[Site "Lazne Bohdanec"]
[Date "1996.??.??"]
[Round "3"]
[White "Trichkov, Vasil"]
[Black "Hlavnicka, Jiri"]
[Result "1-0"]
[WhiteElo "2415"]
[BlackElo "2210"]

1.e4 e5 2.Nf3 Nc6 3.Bb5 a6 4.Ba4 Nf6 5.O-O Be7 6.Re1 b5 7.Bb3 d6 8.c3 O-O
9.h3 Bb7 10.d4 Re8 11.Nbd2 Bf8 12.a4 h6 13.Bc2 exd4 14.cxd4 Nb4 15.Bb1 c5
16.d5 Nd7 17.Nb3 f5 18.exf5 Rxe1+ 19.Nxe1 bxa4 20.Rxa4 Nf6 21.Bd2 a5 22.Nd3 Bxd5
23.Nf4 Be4 24.Bxe4 Nxe4 25.Bxb4 Qe8 26.Rxa5 Rxa5 27.Bxa5  1-0

[Event "Anibal op 3rd"]
[Site "Linares"]
[Date "1996.??.??"]
[Round "?"]
[White "Stefansson, Hannes"]
[Black "Ibragimov, Ildar"]
[Result "1-0"]
[WhiteElo "2540"]
[BlackElo "2575"]

1.e4 e5 2.Nf3 Nc6 3.Bb5 a6 4.Ba4 Nf6 5.O-O Be7 6.Re1 b5 7.Bb3 d6 8.c3 O-O
9.h3 Bb7 10.d4 Re8 11.Nbd2 Bf8 12.d5 Ne7 13.Nf1 Ng6 14.N3h2 c6 15.dxc6 Bxc6
16.Ng4 Nxg4 17.hxg4 Nf4 18.Qf3 Ne6 19.Be3 Be7 20.Rad1 Bg5 21.Bxg5 Nxg5 22.Qd3 Qb6
23.Ng3 Rad8 24.Qd2 h6 25.Re3 Rd7 26.f3 g6 27.Qf2 Red8 28.Nf1 Kg7 29.Re2 Qxf2+
30.Kxf2 Ne6 31.Ne3 Nc7 32.Red2 Kf6 33.a3 Ke7 34.c4 bxc4 35.Bxc4 a5 36.Rc1 Bb7
37.Rdc2 Rc8 38.Bb3 Kd8 39.Ba4 Re7 40.Nc4 Ne6 41.Nxd6 Rb8 42.Rd2  1-0

[Event "Wch U16"]
[Site "Menorca"]
[Date "1996.??.??"]
[Round "5"]
[White "Fedorchuk, Sergey A"]
[Black "Acs, Peter"]
[Result "0-1"]
[WhiteElo "2265"]
[BlackElo "2410"]

1.e4 e5 2.Nf3 Nc6 3.Bb5 a6 4.Ba4 Nf6 5.O-O Be7 6.Re1 b5 7.Bb3 d6 8.c3 O-O
9.h3 Bb7 10.d4 Re8 11.Nbd2 Bf8 12.d5 Nb8 13.Nf1 Nbd7 14.Ng3 Nc5 15.Bc2 c6
16.b4 Ncd7 17.dxc6 Bxc6 18.Bb3 Nb6 19.Bg5 h6 20.Bh4 Rc8 21.Qd2 Bb7 22.Rad1 Nc4
23.Qc1 Re6 24.Nf5 Qc7 25.Bc2 Nb6 26.Bb3 Nxe4 27.Bxe6 fxe6 28.Ne3 Nxc3 29.Qd2 Nxd1
30.Qxd1 Nd5 31.Ng4 Qc2 32.Qa1 Nxb4 33.Nfxe5 dxe5 34.Qxe5 Qf5 35.Qg3 Kh7 36.Re5 Qb1+
37.Kh2 Rc1 38.Qf4 Bd6 39.Bf6 Bxe5 40.Bxe5 Qe4 41.Qg3 Qxg2+  0-1

[Event "Crespi mem"]
[Site "Milan"]
[Date "1996.??.??"]
[Round "1"]
[White "Misiano, Franco"]
[Black "Duarte, Riccardo"]
[Result "1-0"]
[WhiteElo "2225"]
[BlackElo "2005"]

1.e4 e5 2.Nf3 Nc6 3.Bb5 a6 4.Ba4 Nf6 5.O-O Be7 6.Re1 d6 7.c3 O-O 8.h3 b5
9.Bb3 Bb7 10.d4 Nd7 11.a4 Na5 12.Bc2 c5 13.d5 Nb6 14.b4 cxb4 15.cxb4 Nac4
16.a5 Nd7 17.Nc3 Rc8 18.Ne2 f5 19.exf5 Nf6 20.Ng5 Bxd5 21.Nc3 Bf7 22.Nxf7 Rxf7
23.Nd5 h6 24.Nxf6+ Bxf6 25.Be4 Kh8 26.Bd5 Re7 27.Re4 Qe8 28.Qg4 Rec7 29.Qd1 Kh7
30.Kh2 g6 31.fxg6+ Qxg6 32.Rg4 Qe8 33.Be4+ Kh8 34.Bxh6 Bg7 35.Bxg7+ Rxg7
36.Rh4+ Kg8 37.Bd5+  1-0

[Event "Amber-blind 5th"]
[Site "Monte Carlo"]
[Date "1996.??.??"]
[Round "2"]
[White "Shirov, Alexei"]
[Black "Piket, Jeroen"]
[Result "1/2-1/2"]
[WhiteElo "2690"]
[BlackElo "2570"]

1.e4 e5 2.Nf3 Nc6 3.Bb5 a6 4.Ba4 Nf6 5.O-O Be7 6.Re1 b5 7.Bb3 d6 8.c3 O-O
9.h3 Bb7 10.d4 Re8 11.a4 Bf8 12.Bg5 Na5 13.axb5 axb5 14.Rxa5 Rxa5 15.dxe5 dxe5
16.Qxd8 Rxd8 17.Nxe5 Bxe4 18.Nxf7 Bd5 19.Nxd8 Bxb3 20.Nd2 Bd5 21.Bxf6 gxf6
22.Ne4 Ra6 23.b4 h5 24.h4 Kg7 25.Nc5 Bxc5 26.bxc5 Kg6 27.Re7 Ra1+ 28.Kh2 Ra4
29.Rxc7 Rxh4+ 30.Kg1 Rc4 31.c6 Rxc3 32.Rd7 Be4 33.f3 Bf5 34.Rb7 Rc5 35.Kh2 h4
36.g4 hxg3+ 37.Kxg3 Rc3 38.Kf2 Rc2+ 39.Ke3 Rc3+ 40.Kf2  1/2-1/2

[Event "Moscow Alekhine op"]
[Site "Moscow"]
[Date "1996.??.??"]
[Round "8"]
[White "Galkin, Alexander"]
[Black "Nachev, Sergei Y"]
[Result "1-0"]
[WhiteElo "2420"]
[BlackElo "2250"]

1.e4 e5 2.Nf3 Nc6 3.Bb5 a6 4.Ba4 Nf6 5.O-O Be7 6.Re1 b5 7.Bb3 d6 8.c3 O-O
9.h3 Bb7 10.d4 Re8 11.Ng5 Rf8 12.Nf3 Re8 13.Nbd2 Bf8 14.a4 h6 15.Bc2 exd4
16.cxd4 Nb4 17.Bb1 c5 18.d5 Nd7 19.Ra3 f5 20.Nh2 Nf6 21.exf5 Bxd5 22.Ng4 Rxe1+
23.Qxe1 Bf7 24.Nxf6+ gxf6 25.Nf3 Kh7 26.Nh4 Bg7 27.Ng6 Bxg6 28.fxg6+ Kh8
29.Qe4 Qf8 30.Bxh6 Re8 31.Bxg7+ Kxg7 32.Qh4 Re1+ 33.Kh2 Qh8 34.Qg4 Qe8 35.Bf5 bxa4
36.Rg3 Re7 37.Qh4 Qh8 38.Qh7+  1-0

[Event "Nussloch"]
[Site "Nussloch"]
[Date "1996.??.??"]
[Round "3"]
[White "Lutz, Christopher"]
[Black "Piket, Jeroen"]
[Result "1/2-1/2"]
[WhiteElo "2555"]
[BlackElo "2570"]

1.e4 e5 2.Nf3 Nc6 3.Bb5 a6 4.Ba4 Nf6 5.O-O Be7 6.Re1 b5 7.Bb3 d6 8.c3 O-O
9.h3 Bb7 10.d4 Re8 11.Ng5 Rf8 12.Nf3 Re8 13.Nbd2 Bf8 14.d5 Ne7 15.Nf1 Ng6
16.a4 h6 17.N3h2 Nd7 18.Bc2 c5 19.b3 Rb8 20.Bd3 Bc8 21.Ne3 Nf6 22.Qc2 Bd7
23.Bd2 Qc7 24.Bf1 Rb7 25.Nhg4 Nh7 26.Ra2 h5 27.Nh2 Ne7 28.axb5 axb5 29.Rea1 Reb8
30.Be2  1/2-1/2

[Event "ESP-chTB"]
[Site "Oropesa del Mar"]
[Date "1996.??.??"]
[Round "9"]
[White "Comas Fabrego, Luis"]
[Black "Suarez, Diego"]
[Result "0-1"]
[WhiteElo "2470"]
[BlackElo "2320"]

1.e4 e5 2.Nf3 Nc6 3.Bb5 a6 4.Ba4 Nf6 5.O-O Be7 6.Re1 b5 7.Bb3 d6 8.c3 O-O
9.h3 Bb7 10.d4 Re8 11.Nbd2 Bf8 12.Bc2 h6 13.a4 exd4 14.cxd4 Nb4 15.Bb1 c5
16.d5 Nd7 17.Ra3 f5 18.exf5 Nf6 19.Rxe8 Qxe8 20.Nf1 Nbxd5 21.N3h2 c4 22.Ng4 Kh8
23.Nfe3 Nxe3 24.Rxe3 Qc6 25.f3 Nxg4 26.hxg4 d5 27.Re6 Qc5+ 28.Be3 d4 29.Qxd4 Qxd4
30.Bxd4 Rd8 31.Be5 Rd1+ 32.Kh2 Rxb1 33.Re8 Kg8 34.Bd6 Rxb2 35.Rxf8+ Kh7 36.Rf7 Bxf3
37.Kg3 Bd5 38.Rxg7+ Kxg7 39.Be5+ Kf7 40.Bxb2 b4 41.Be5 a5 42.Kf2 c3 43.Ke2 Bxg2
44.Kd3 Bf3 45.Bf4 Bxg4 46.Bxh6 Bxf5+ 47.Kc4 Bc2 48.Be3 Bxa4 49.Kd3 Bd7 50.Bb6 Bf5+
51.Kc4 c2 52.Be3 Ke6 53.Bc1 Ke5 54.Kb5 Kd4 55.Bb2+ Kd3 56.Kxa5 Kc4  0-1

[Event "Komercni Banka op"]
[Site "Pardubice"]
[Date "1996.??.??"]
[Round "5"]
[White "Semerij, Yurij"]
[Black "Pallova, Martina"]
[Result "1-0"]
[WhiteElo "2205"]
[BlackElo "2105"]

1.e4 e5 2.Nf3 Nc6 3.Bb5 a6 4.Ba4 Nf6 5.O-O b5 6.Bb3 Be7 7.Re1 d6 8.c3 O-O
9.h3 Bb7 10.d3 Re8 11.Nbd2 Bf8 12.Nf1 h6 13.Ne3 Na5 14.Bc2 c5 15.Nf5 d5 16.Qe2 d4
17.cxd4 cxd4 18.Kh2 Rc8 19.g4 Nh7 20.h4 f6 21.Rg1 Rc6 22.g5 fxg5 23.hxg5 h5
24.g6 Nf6 25.N3h4 Qc7 26.Bd1 Rxc1 27.Rxc1 Qxc1 28.Bb3+ Nxb3 29.Rxc1 Nxc1
30.Qd1 Rc8 31.Ng3 Rc7 32.Nxh5 Ne8 33.Nf5 Bc8 34.a3 Bxf5 35.exf5 Nf6 36.Qf3 b4
37.axb4 Bxb4 38.Kg1 Bf8 39.Kf1 a5 40.b3 Na2 41.Nxf6+ gxf6 42.Qd5+ Kh8 43.Qxa5 Rc1+
44.Kg2 Nb4 45.Qa7  1-0

[Event "Komercni Banka op"]
[Site "Pardubice"]
[Date "1996.??.??"]
[Round "5"]
[White "Suran, Jan"]
[Black "Stern, Rene"]
[Result "0-1"]
[WhiteElo "2315"]
[BlackElo "2450"]

1.e4 e5 2.Nf3 Nc6 3.Bb5 a6 4.Ba4 Nf6 5.O-O Be7 6.Re1 b5 7.Bb3 d6 8.c3 O-O
9.h3 Bb7 10.d4 Re8 11.Ng5 Rf8 12.Nf3 Re8 13.Nbd2 Bf8 14.a4 h6 15.d5 Nb8 16.Qe2 Nbd7
17.axb5 axb5 18.Rxa8 Qxa8 19.Qxb5 Nc5 20.Qe2 Nfxe4 21.Bc4 Nf6 22.Bb5 Rb8
23.c4 Qa5 24.Nb1 Bxd5 25.Bd2 Qb6 26.Nc3 Bxf3 27.Qxf3 e4 28.Qg3 c6 29.Na4 Nxa4
30.Bxa4 Ra8 31.b3 d5 32.Bxh6 Nh5 33.Qh4 dxc4 34.Qxh5 cxb3 35.Qg4 Rxa4 36.Bxg7 Bxg7
37.Qc8+ Bf8 38.Qg4+ Bg7 39.Qc8+ Kh7 40.Qf5+ Kh6 41.Qf4+ Kg6 42.Qg4+ Kf6 43.Qh4+ Ke6
44.Qg4+ Ke7 45.Qxg7 Qd4 46.Qg5+ Kd7 47.Qf5+ Kd8 48.Qg5+ Kd7 49.Qg4+ Ke7 50.Qg5+ Qf6
51.Qc5+ Qd6 52.Qg5+ Kf8 53.Qh4 Rd4 54.Qh8+ Ke7 55.Qh4+ Kd7 56.Qg4+ Kc7 57.Qf5 Qd5
58.Qf4+ Kb7 59.Qf6 c5 60.h4 Rd1 61.Rxd1 Qxd1+ 62.Kh2 Qc2 63.h5 e3 64.Qxf7+ Kb6
65.h6 exf2 66.h7 f1=Q 67.Qxf1 Qxh7+ 68.Kg3 Qg6+ 69.Kh2 b2 70.Qf8 Qh7+ 71.Kg3 Qc7+
72.Kh3 b1=Q 73.Qf6+ Ka7  0-1

[Event "Rieden op"]
[Site "Rieden"]
[Date "1996.??.??"]
[Round "?"]
[White "Biro, Sandor"]
[Black "Dobos, Jozsef"]
[Result "1/2-1/2"]
[WhiteElo "2345"]
[BlackElo "2355"]

1.e4 e5 2.Nf3 Nc6 3.Bb5 a6 4.Ba4 Nf6 5.O-O b5 6.Bb3 Be7 7.Re1 d6 8.c3 O-O
9.h3 Bb7 10.d4 Nb8 11.Nbd2 Nbd7 12.a4 Re8 13.Ng5 Rf8 14.Ngf3 Re8 15.Ng5 Rf8  1/2-1/2

[Event "Salongernas IM"]
[Site "Salongernas"]
[Date "1996.??.??"]
[Round "?"]
[White "Ochsner, Thomas"]
[Black "Wallace, John Paul"]
[Result "1-0"]
[WhiteElo "2300"]
[BlackElo "2370"]

1.e4 e5 2.Nf3 Nc6 3.Bb5 a6 4.Ba4 Nf6 5.O-O Be7 6.Re1 b5 7.Bb3 d6 8.c3 O-O
9.h3 Bb7 10.d4 Re8 11.Nbd2 Bf8 12.a3 g6 13.Bc2 Bg7 14.Nf1 d5 15.exd5 Nxd5
16.Bg5 Qd7 17.Qd2 exd4 18.cxd4 Nb6 19.Be4 Nc4 20.Qf4 Nxb2 21.Ne3 h6 22.Bh4 Nd8
23.Ng4 Rxe4 24.Rxe4 Ne6 25.Nxh6+ Kh7 26.Ng5+ Nxg5 27.Bxg5 f6 28.Bxf6 Rf8
29.Nf7 Bxf6 30.Qh6+ Kg8 31.Qxg6+ Bg7 32.Nh6+ Kh8 33.Rh4  1-0

[Event "Sentjur op"]
[Site "Sentjur"]
[Date "1996.??.??"]
[Round "?"]
[White "Zecevic, Dean"]
[Black "Crepan, Marjan"]
[Result "1/2-1/2"]
[WhiteElo "2325"]
[BlackElo "2360"]

1.e4 e5 2.Nf3 Nc6 3.Bb5 a6 4.Ba4 Nf6 5.O-O Be7 6.Re1 O-O 7.c3 b5 8.Bb3 Bb7
9.h3 d6 10.d4 Re8 11.Ng5 Rf8 12.Nf3 Re8 13.Ng5  1/2-1/2

[Event "Tel Aviv Cup rapid"]
[Site "Tel Aviv"]
[Date "1996.??.??"]
[Round "2"]
[White "Kanstler, Boris"]
[Black "Greenfeld, Alon"]
[Result "0-1"]
[WhiteElo "2475"]
[BlackElo "2560"]

1.e4 e5 2.Nf3 Nc6 3.Bb5 a6 4.Ba4 Nf6 5.O-O Be7 6.Re1 b5 7.Bb3 O-O 8.c3 d6
9.h3 Bb7 10.d4 Re8 11.Ng5 Rf8 12.Nf3 Re8 13.Nbd2 Bf8 14.a3 g6 15.Ba2 Bg7
16.d5 Nb8 17.c4 c6 18.b4 Nbd7 19.Bb2 Rc8 20.dxc6 Bxc6 21.Qb3 Qe7 22.Qe3 Nh5
23.Rac1 Nf4 24.g3 Ne6 25.Rc2 Ndf8 26.Rec1 Bd7 27.cxb5 axb5 28.Rxc8 Rxc8 29.Rxc8 Bxc8
30.Qd3 Bd7 31.Nb1 Nc7 32.Nc3 Nfe6 33.h4 h6 34.Bc1 Kh7 35.Be3 Qf6 36.Kg2 Nd4  0-1

[Event "Tilburg Fontys"]
[Site "Tilburg"]
[Date "1996.??.??"]
[Round "8"]
[White "Leko, Peter"]
[Black "Almasi, Zoltan"]
[Result "1/2-1/2"]
[WhiteElo "2630"]
[BlackElo "2655"]

1.e4 e5 2.Nf3 Nc6 3.Bb5 a6 4.Ba4 Nf6 5.O-O Be7 6.Re1 b5 7.Bb3 d6 8.c3 O-O
9.h3 Bb7 10.d4 Re8 11.Nbd2 Bf8 12.d5 Nb8 13.Nf1 Nbd7 14.Ng3 Nc5 15.Bc2 c6
16.b4 Ncd7 17.dxc6 Bxc6 18.Bb3 h6 19.Nh2 a5 20.a3 Nb6 21.Ng4 Bd7 22.Nxf6+ Qxf6
23.Be3 Nc4 24.Bxc4 bxc4 25.a4 axb4 26.cxb4 d5 27.Qxd5 Be6 28.Qd2 Red8 29.Qb2 Rd3
30.b5 Rb3 31.Qc2  1/2-1/2

[Event "Tuebingen-ch55"]
[Site "Tuebingen"]
[Date "1996.??.??"]
[Round "?"]
[White "Foell, Thomas"]
[Black "Von Auer, Ulrich"]
[Result "0-1"]
[WhiteElo "1885"]
[BlackElo "1900"]

1.e4 e5 2.Nf3 Nc6 3.Bb5 a6 4.Ba4 Nf6 5.O-O Be7 6.Re1 b5 7.Bb3 d6 8.c3 O-O
9.h3 Bb7 10.d4 Re8 11.Nbd2 Bf8 12.Bc2 Nb8 13.dxe5 dxe5 14.Qe2 c5 15.Nf1 Nbd7
16.Bg5 h6 17.Bh4 Qb6 18.a4 c4 19.Ne3 Nxe4 20.Ng4 f5 21.Ne3 g6 22.g4 Qc6 23.gxf5 Nd2
24.Qxd2 Qxf3 25.Kh2 g5 26.Rg1 Kh8 27.Bxg5 hxg5 28.Rxg5 Qf4+ 29.Rg3 Nf6 30.Qe2 Rad8
31.axb5 axb5 32.Ra7 Rd7 33.Kg1 Red8 34.Nf1 Bc5 35.Rg6 Bxa7  0-1

[Event "CZE-ch (Women)"]
[Site "Usti nad Labem"]
[Date "1996.??.??"]
[Round "7"]
[White "Jackova, Jana"]
[Black "Pallova, Martina"]
[Result "1/2-1/2"]
[WhiteElo "2210"]
[BlackElo "2100"]

1.e4 e5 2.Nf3 Nc6 3.Bb5 a6 4.Ba4 Nf6 5.O-O b5 6.Bb3 Be7 7.Re1 d6 8.c3 O-O
9.h3 Bb7 10.d4 Re8 11.Nbd2 Bf8 12.d5 Nb8 13.a4 Nbd7 14.Qe2 c6 15.c4 Nc5 16.Bc2 bxc4
17.dxc6 Bxc6 18.Qxc4 a5 19.Nb3 d5 20.Qc3 d4 21.Qc4 Bxe4 22.Nxc5 Bxc2 23.Nxe5 Qc7
24.Qxc2 Qxc5 25.Qxc5 Bxc5 26.Bf4 Bb4 27.Red1 Bd6 28.Nd3 Bxf4 29.Nxf4 Re4
30.Nd3 Rc8 31.Rac1 Ree8 32.Kf1 Kf8 33.Rxc8 Rxc8 34.Rc1 Rd8 35.Rc5 Rd5 36.Ke2 Ke7
37.Rc7+ Nd7 38.b4 Kd6 39.Ra7 axb4 40.Nxb4 Rg5 41.g4 h5 42.f4 Rc5 43.Ra6+ Kc7
44.Ra7+ Kd6 45.Ra6+  1/2-1/2

[Event "Vienna op"]
[Site "Vienna"]
[Date "1996.??.??"]
[Round "7"]
[White "Almasi, Zoltan"]
[Black "Ibragimov, Ildar"]
[Result "0-1"]
[WhiteElo "2655"]
[BlackElo "2545"]

1.e4 e5 2.Nf3 Nc6 3.Bb5 a6 4.Ba4 Nf6 5.O-O Be7 6.Re1 b5 7.Bb3 d6 8.c3 O-O
9.h3 Bb7 10.d4 Re8 11.Nbd2 Bf8 12.d5 Nb8 13.Nf1 Nbd7 14.Ng3 Nc5 15.Bc2 c6
16.b4 Ncd7 17.dxc6 Bxc6 18.Bb3 h6 19.Nh4 Nb6 20.Nhf5 Nc4 21.Nh5 Nxh5 22.Qxh5 g6
23.Qg4 Bd7 24.Qg3 Kh7 25.Ne3 Be6 26.Nxc4 bxc4 27.Bc2 Bg7 28.f4 f5 29.Bd2 Qf6
30.Rf1 Rad8 31.Rae1 Bc8 32.Kh1 Rf8 33.Kh2 Rde8 34.a4 Kh8 35.Rf3 exf4 36.Bxf4 g5
37.Bd2 f4 38.Qf2 Bb7 39.Kh1 Qg6 40.Qf1 Bxe4 41.Rxe4 Rxe4 42.Bxe4 Qxe4 43.Qd1 Re8
44.Qc1 Re5 45.Rf1 Qd3  0-1

[Event "Yerevan ol (Men)"]
[Site "Yerevan"]
[Date "1996.??.??"]
[Round "9"]
[White "Zagrebelny, Sergey"]
[Black "Barus, Cerdas"]
[Result "1/2-1/2"]
[WhiteElo "2480"]
[BlackElo "2410"]

1.e4 e5 2.Nf3 Nc6 3.Bb5 a6 4.Ba4 Nf6 5.O-O Be7 6.Re1 b5 7.Bb3 d6 8.c3 O-O
9.h3 Bb7 10.d4 Re8 11.Nbd2 Bf8 12.d5 Nb8 13.Nf1 Nbd7 14.N3h2 c6 15.dxc6 Bxc6
16.Bg5 h6 17.Bxf6 Nxf6 18.Ng4 Nh7 19.Bd5 Bxd5 20.Qxd5 Rb8 21.Qd3 Ng5 22.Nge3 a5
23.Nd5 Ne6 24.g3 Nc5 25.Qf3 Rb7 26.Rad1 Re6 27.h4 Rg6 28.Kh2 Re6 29.Nfe3 Kh8
30.Kg2 Rg6 31.Nf5 Re6 32.h5 Kg8 33.Qe3 Re8 34.b4 Nd7 35.Re2 axb4 36.cxb4 Kh7
37.Rc2 g6 38.hxg6+ fxg6 39.Nxh6 Bxh6 40.Rh1 g5 41.Qf3 Rg8 42.Rc6 Qe8 43.Rxd6 Rg6
44.Qh5 Kg7 45.Ne7 Nf6 46.Qxg6+ Qxg6 47.Nxg6 Kxg6 48.Rxh6+ Kxh6 49.Rxf6+  1/2-1/2

[Event "Passau op"]
[Site "Passau"]
[Date "1997.03.31"]
[Round "7"]
[White "Jansa, Vlastimil"]
[Black "Dunsbach, Ralf"]
[Result "1-0"]
[WhiteElo "2490"]
[BlackElo "2245"]

1.e4 e5 2.Nf3 Nc6 3.Bb5 a6 4.Ba4 Nf6 5.O-O Be7 6.Re1 b5 7.Bb3 d6 8.c3 O-O
9.h3 Bb7 10.d4 Re8 11.Nbd2 Bf8 12.d5 Nb8 13.Nf1 Nbd7 14.Ng3 g6 15.Nh2 c5
16.dxc6 Bxc6 17.Qf3 Qe7 18.Bg5 h6 19.Bh4 Bg7 20.Ng4 h5 21.Ne3 Nb6 22.Rad1 a5
23.Nef5 gxf5 24.Nxf5  1-0

[Event "Aruna"]
[Site "Copenhagen"]
[Date "1997.05.09"]
[Round "7"]
[White "Aagaard, Jacob"]
[Black "Hjartarson, Johann"]
[Result "0-1"]
[WhiteElo "2440"]
[BlackElo "2585"]

1.e4 e5 2.Nf3 Nc6 3.Bb5 a6 4.Ba4 Nf6 5.O-O Be7 6.Re1 b5 7.Bb3 O-O 8.c3 d6
9.h3 Bb7 10.d4 Re8 11.Ng5 Rf8 12.Nf3 Re8 13.Nbd2 Bf8 14.a3 g6 15.d5 Nb8 16.a4 Nbd7
17.Bc2 c6 18.c4 bxc4 19.dxc6 Bxc6 20.Nxc4 Qc7 21.Bg5 h6 22.Bd2 Rac8 23.Rc1 Qb8
24.Ba5 Re6 25.Bc3 Qa8 26.Nfd2 d5 27.Nxe5 Nxe5 28.exd5 Nxd5 29.Bxe5 Rce8 30.Nf3 Nb4
31.Bc3 Bxf3 32.gxf3 Rd8 33.Bd2 Rxe1+ 34.Qxe1 Nxc2 35.Rxc2 Qxf3 36.Rc3 Qd5
37.Rc2 Qd3 38.Qc1 Qxh3 39.Rc4 Bd6 40.Bf4 Bxf4 41.Rxf4 Rd5 42.f3 Rg5+ 43.Kf2 Qh2+
44.Ke3 Rc5 45.Rc4 Qe5+ 46.Kf2 Rxc4 47.Qxc4 Qxb2+ 48.Kg3 Qe5+ 49.Kf2 Qa5 50.Qb3 Qc5+
51.Kg3 Qd6+ 52.Kg2 h5 53.Qc4 Qd2+ 54.Kg3 Qe1+ 55.Kg2 a5 56.Qc8+ Kg7 57.Qc3+ Qxc3  0-1

[Event "RUS-Cup9"]
[Site "Novgorod"]
[Date "1997.06.22"]
[Round "9"]
[White "Landa, Konstantin"]
[Black "Razuvaev, Yuri S"]
[Result "1/2-1/2"]
[WhiteElo "2570"]
[BlackElo "2565"]

1.e4 e5 2.Nf3 Nc6 3.Bb5 a6 4.Ba4 Nf6 5.O-O Be7 6.Re1 b5 7.Bb3 O-O 8.c3 d6
9.h3 Bb7 10.d4 Re8 11.Nbd2 Bf8 12.d5 Nb8 13.Nf1 h6 14.N3h2 c6 15.Ng4 cxd5
16.Nxf6+ Qxf6 17.Bxd5 Bxd5 18.Qxd5 Nd7 19.Ne3 Qe6 20.Qd3 Nb6 21.b3 Red8 22.Rd1 Rd7
23.Ba3 Rad8 24.c4 bxc4 25.bxc4 Rc8 26.Nd5 Nxd5 27.cxd5 Qe8 28.Rac1 Ra7 29.h4 h5
30.g3 Raa8 31.Rb1 Rab8 32.Rxb8 Rxb8 33.Rc1 Rc8 34.Qxa6 Ra8 35.Qd3 Qa4 36.Rc3 g6
37.Qf3 Be7 38.g4 hxg4 39.Qxg4 Kg7 40.h5 Rh8 41.Rg3 Qc2 42.Kg2 Rh6 43.hxg6 Rxg6
44.Qf5 Qxa2 45.Bc1 Qb1 46.Be3 Rxg3+ 47.Kxg3 Qg1+ 48.Kf3  1/2-1/2

[Event "Oberwart op"]
[Site "Oberwart"]
[Date "1997.07.08"]
[Round "4"]
[White "Knoll, Hermann"]
[Black "Mahdi, Khaled"]
[Result "1/2-1/2"]
[WhiteElo "2225"]
[BlackElo "2425"]

1.e4 e5 2.Nf3 Nc6 3.Bb5 a6 4.Ba4 Nf6 5.O-O Be7 6.Re1 b5 7.Bb3 d6 8.c3 O-O
9.h3 Bb7 10.d4 Nd7 11.a4 Bf6 12.Na3 Nb6 13.Be3 bxa4 14.Bxa4 Nxa4 15.Qxa4 Qe8
16.Qb3 Rb8 17.d5 Nd8 18.Nc4 Qb5 19.Qxb5 axb5 20.Na5 Ba8 21.Nd2 Be7 22.f3 c6
23.dxc6 Nxc6 24.Nxc6 Bxc6 25.Ra7 Rfe8 26.Rea1 d5 27.Rc7 Ra8 28.Rxa8 Bxa8
29.exd5 Bxd5 30.b3 f5 31.c4 bxc4 32.bxc4 Be6 33.Nb3 f4 34.Bf2 Bb4 35.Rb7 Bc3
36.c5 Rc8 37.Nc1 Bc4 38.Rd7 Bb4 39.Nd3 Bxd3 40.Rxd3 Bxc5 41.Bxc5 Rxc5 42.Rd7 Rc1+
43.Kf2 Rc5 44.Re7 Kf8 45.Ra7 Rc6 46.Ra5 Re6 47.Ke2 Kf7 48.Kd3 Kf6 49.Ke2 g5
50.Kf2 h6 51.Ra4 Kg6 52.Re4 Kf5 53.Ra4 Rb6 54.Ra8 Rb2+ 55.Kg1 Kg6 56.Ra6+ Kh5
57.Re6 Kh4 58.Kh2 h5 59.Re8 Re2 60.Rf8 e4 61.fxe4 Rxe4 62.Rf7 Re1 63.Rf8 Rf1
64.Rf7 Rf2 65.Rf8 g4 66.hxg4 hxg4 67.Rxf4  1/2-1/2

[Event "Wch U20"]
[Site "Zagan"]
[Date "1997.07.17"]
[Round "4"]
[White "Krakops, Maris"]
[Black "Najer, Evgeniy"]
[Result "0-1"]
[WhiteElo "2530"]
[BlackElo "2515"]

1.e4 e5 2.Nf3 Nc6 3.Bb5 a6 4.Ba4 Nf6 5.O-O Be7 6.Re1 b5 7.Bb3 d6 8.c3 O-O
9.h3 Bb7 10.d4 Re8 11.Nbd2 Bf8 12.a4 h6 13.d5 Nb8 14.c4 bxc4 15.Nxc4 c6 16.dxc6 Bxc6
17.Bc2 Qc7 18.Bd2 Nbd7 19.Na5 Nc5 20.b4 Ne6 21.Nxc6 Qxc6 22.Bd3 Qd7 23.Rb1 Nf4
24.Bc4 Rac8 25.Qb3 Ne6 26.Qa2 Rc7 27.a5 Qc8 28.Bd3 Qa8 29.Bc4 Qc8 30.Rbc1 Qb7
31.Be3 Rcc8 32.Nd2 Kh7 33.Qb3 Rb8 34.Bb6 Re7 35.Qd3 Ra8 36.g3 g6 37.Qxd6 Kg7
38.Qd3 Ng5 39.Kh2 Rd7 40.Bd5 Nxd5 41.exd5 Rxd5  0-1

[Event "Wch U20"]
[Site "Zagan"]
[Date "1997.07.23"]
[Round "9"]
[White "Iordachescu, Viorel"]
[Black "Zulfugarli, Magomed"]
[Result "1/2-1/2"]
[WhiteElo "2500"]
[BlackElo "2380"]

1.e4 e5 2.Nf3 Nc6 3.Bb5 a6 4.Ba4 Nf6 5.O-O b5 6.Bb3 Be7 7.Re1 d6 8.c3 O-O
9.h3 Bb7 10.d4 Re8 11.Nbd2 Bf8 12.a3 h6 13.Bc2 g6 14.d5 Ne7 15.c4 Bg7 16.b4 Nh5
17.Rb1 Nf4 18.Nb3 Bc8 19.Na5 g5 20.Bxf4 exf4 21.Bd3 bxc4 22.Bxc4 Ng6 23.Nc6 Qf6
24.Rb3 h5 25.Nh2 Ne5 26.Nxe5 Rxe5 27.Bf1 Qg6 28.Nf3 Re7 29.Nd4 g4 30.Nc6 Re8
31.h4 Bd7 32.b5 axb5 33.Bxb5 Bf6 34.Qd2 Bxh4 35.e5 Bg5 36.e6 fxe6 37.Ne5 dxe5
38.Bxd7 Re7 39.Bxe6+ Kg7 40.Rxe5 Rf8 41.Rb7 Kh6 42.Qb4 g3 43.Qe4 gxf2+ 44.Kxf2 Bh4+
45.Kf1 f3 46.Qxg6+ Kxg6 47.Rb3 fxg2+ 48.Kxg2 Rg7 49.Kh3 Bf2 50.a4 Rf4 51.Kh2 h4
52.Kh3 Kf6 53.Rh5 Bg3 54.Rh8 Ke5 55.Re3+ Kd4 56.Re2 Rf1 57.Rg8 Rh1+ 58.Kg2 Rh2+
59.Kf3 Rxg8 60.Bxg8 Rxe2 61.Kxe2  1/2-1/2

[Event "Wch U20 Girls"]
[Site "Zagan"]
[Date "1997.07.26"]
[Round "12"]
[White "Hitzgerova, Gabriela"]
[Black "Li Ruofan"]
[Result "1/2-1/2"]
[WhiteElo "2195"]
[BlackElo "2245"]

1.e4 e5 2.Nf3 Nc6 3.Bb5 a6 4.Ba4 Nf6 5.O-O Be7 6.Re1 b5 7.Bb3 d6 8.c3 O-O
9.h3 Bb7 10.d4 Re8 11.Nbd2 Bf8 12.a4 h6 13.Bc2 exd4 14.cxd4 Nb4 15.Bb1 c5
16.d5 Nd7 17.Ra3 c4 18.Nd4 Qf6 19.N2f3 Nd3 20.Bxd3 b4 21.Bxc4 bxa3 22.b3 Nc5
23.Qc2 Qg6 24.Nh4 Qf6 25.Nhf3 Qg6 26.Nh4 Qf6 27.Nhf3 Qg6  1/2-1/2

[Event "BCF-ch"]
[Site "Hove"]
[Date "1997.08.04"]
[Round "1"]
[White "Anderton, Matthew"]
[Black "Sashikiran, Krishnan"]
[Result "0-1"]
[WhiteElo "2240"]
[BlackElo "2430"]

1.e4 e5 2.Nf3 Nc6 3.Bb5 a6 4.Ba4 Nf6 5.O-O Be7 6.Re1 b5 7.Bb3 d6 8.c3 O-O
9.h3 Bb7 10.d4 Re8 11.Nbd2 Bf8 12.a4 h6 13.Bc2 exd4 14.cxd4 Nb4 15.Bb1 c5
16.d5 Nd7 17.Ra3 c4 18.Nh2 Nd3 19.Bxd3 b4 20.Nxc4 bxa3 21.b4 a2 22.Bb2 Ne5
23.Na5 Qb6 24.Qd2 Nxd3 25.Qxd3 Rac8 26.Qd2 Bxd5 27.exd5 Rc2  0-1